01102 2200277 4500001002100000005001500021035002000036007000300056008004100059020001800100082001000118084001900128100002400147245011400171300003800285650001200323700002800335700003000363520026100393740003500654264004500689336002100734337003000755338002300785990001600808INLIS00000000004358720211029022128 a0010-1021000119ta211029 d 0 ind  a9786230305290 a641.5 aSR 641.5 LEE l0 aLee Teukepengarang1 aLee Teuk cook book :bResep mudah dan praktis /cLee Teuk; penerjemah, Vina Marlia; penyunting, Driartha Vera a209 halaman :bilustrasi ;c24 cm 4aMasakan0 aVina Marliaepenerjemah0 aDriartha Veraepenyunting aTak ada yang meragukan kemampuan bernyanyi dan dance Lee Teuk, group leader Super Junior. Namun, tak banyak yang tahu kalau Lee Teuk pun jago memasak. Lee Teuk memberikan pilihan menu makanan praktis, makanan utama, termasuk juga beberapa lauk favoritnya. aLee Teuk ei teukbyeolhan siksa aJakarta :bGramedia pustaka utama,c2021 2rdacontentaTeks 2rdamediaaTanpa perantara 2rdacarrieraVolume a48405.61225